| 000 | 01082nas a2200349 4500 | ||
|---|---|---|---|
| 001 | BR0401082 | ||
| 003 | BR-BrBNA | ||
| 005 | 20231205104356.0 | ||
| 007 | ta | ||
| 008 | 230509b bl.|||p| |||| 00| 00por d | ||
| 040 |
_aBR-BrBNA _bpor _cBiblioteca Nacional de Agricultura |
||
| 041 | _a(En) | ||
| 072 | _aQ04; J11 | ||
| 100 | 1 | _aArgenta, L.C. | |
| 100 | 1 | _aKrammes, J.G. | |
| 100 | 1 | _aMegguer, C.S. | |
| 100 | 1 | _aAmarante, C.V.T. | |
| 100 | 1 | _aMattheis, J. | |
| 245 | 1 | _aRipening and quality of 'Laetitia' plums following harvest and cold storage as affected by inhibition of ethylene action | |
| 650 | _aAMEIXA | ||
| 650 | _aMATURAÇÃO | ||
| 650 | _aETILENO | ||
| 650 | _aPÓS-COLHEITA | ||
| 650 | _aARMAZENAMENTO DE ALIMENTO | ||
| 650 | _aPRESERVAÇÃO DE ALIMENTO | ||
| 650 | _aREFRIGERAÇÃO | ||
| 650 | _aPOLPA DE FRUTA | ||
| 650 | _aCONTROLE DE QUALIDADE | ||
| 773 | 0 |
_tPesquisa Agropecuária Brasileira (Brazil) _xISSN 0101-204X _g(Oct 2003), v. 38(10) p. 1139-1148 _wBR0401082 |
|
| 909 |
_a202311 _bLúcia _c55 _dLúcia Elande |
||
| 942 |
_2AGRIS _n0 _cANA |
||
| 999 |
_c177825 _d177825 |
||